[Event "4NCL Division Four"]
[Site "Warwick, ENG"]
[Date "2023.04.30"]
[Round "10.154"]
[White "Sharma, Reyansh"]
[Black "Tomy, Judith"]
[Result "0-1"]
[WhiteElo "1000"]
[BlackElo "1251"]
[PlyCount "138"]
[EventDate "2023.04.30"]
[WhiteTeam "Cambridge University Y2"]
[BlackTeam "Watford B"]

1. e4 e5 2. Nc3 Nc6 3. Nf3 Be7 4. Bc4 h6 5. b3 Nf6 6. Bb2 O-O 7. O-O d6 8. h3
Na5 9. d3 Nxc4 10. dxc4 Be6 11. Re1 c6 12. Ba3 Rc8 13. Qd3 Qa5 14. Bb2 Nh5 15.
b4 Qxb4 16. Rab1 Qxc4 17. Qxc4 Bxc4 18. Ba3 b5 19. Rbd1 Rfd8 20. Nd2 Be6 21.
Ne2 Bxa2 22. Nc3 Be6 23. Nb3 Rb8 24. Na5 Rb6 25. Bc1 b4 26. Nb1 Ra6 27. Nb7 Rb8
28. Nxd6 Ra1 29. g4 Nf4 30. Nf5 Nxh3+ 31. Kh2 Ng5 32. Nxe7+ Kf8 33. Nxc6 Rc8
34. Bxg5 hxg5 35. Nxb4 Bxg4 36. Rd5 Ra4 37. c3 a5 38. Nc2 Ra2 39. Ne3 Rxf2+ 40.
Kg3 Re2 41. Rxe2 Bxe2 42. Rxe5 Bd3 43. Rxg5 Bxb1 44. Rxa5 Rxc3 45. Kf3 Rc6 46.
Nd5 Re6 47. Ra8+ Re8 48. Rxe8+ Kxe8 49. Nc7+ Kd7 50. Nd5 Ke6 51. Nf4+ Ke5 52.
Nh5 Bxe4+ 53. Kg4 g6 54. Ng3 Bf5+ 55. Nxf5 gxf5+ 56. Kf3 f4 57. Kf2 Ke4 58. Ke2
f3+ 59. Kf2 f5 60. Kf1 Ke3 61. Ke1 f2+ 62. Kf1 f4 63. Kg2 Ke2 64. Kh1 f1=Q+ 65.
Kh2 Qf2+ 66. Kh1 Qh4+ 67. Kg1 Qg5+ 68. Kh2 Kf2 69. Kh1 Qg2# 0-1

[Event "4NCL Division Four"]
[Site "Warwick, ENG"]
[Date "2023.04.30"]
[Round "10.155"]
[White "Dairi, Mahmoud"]
[Black "Punde, Aiyush"]
[Result "1-0"]
[WhiteElo "1291"]
[BlackElo "550"]
[PlyCount "61"]
[EventDate "2023.04.30"]
[WhiteTeam "Watford B"]
[BlackTeam "Cambridge University Y2"]

1. e4 e5 2. Nf3 Nc6 3. Bc4 Bc5 4. b4 Bxb4 5. c3 Ba5 6. O-O Nf6 7. d4 exd4 8.
cxd4 Nxe4 9. Bd5 Nf6 10. Bxf7+ Kxf7 11. Ng5+ Kg8 12. Qb3+ d5 13. Nf3 Kf7 14.
Ne5+ Nxe5 15. dxe5 Qe7 16. exf6 Qe6 17. fxg7 Re8 18. Bb2 Qe1 19. Na3 Qe2 20.
Qxd5+ Be6 21. Qxa5 b6 22. Qc3 Qg4 23. Qxc7+ Re7 24. Qc6 Bd7 25. Qxa8 Re6 26.
Qxa7 Rg6 27. Qb7 Rxg7 28. Bxg7 Qxg7 29. Qxd7+ Kg6 30. Qxg7+ Kxg7 31. Rab1 1-0

[Event "4NCL Division Four"]
[Site "Warwick, ENG"]
[Date "2023.04.30"]
[Round "10.156"]
[White "Wang, Luoling"]
[Black "Dairi, Daniella"]
[Result "0-1"]
[WhiteElo "603"]
[BlackElo "700"]
[PlyCount "36"]
[EventDate "2023.04.30"]
[WhiteTeam "Cambridge University Y2"]
[BlackTeam "Watford B"]

1. e4 e5 2. Nf3 Nc6 3. Nc3 Nf6 4. Bc4 Qe7 5. d3 Qc5 6. Nxe5 Qxe5 7. O-O h5 8.
g3 Ng4 9. Bf4 Qc5 10. Be3 Nxe3 11. fxe3 Qxe3+ 12. Rf2 Rh6 13. Kg2 Ne5 14. Re2
Qf3+ 15. Kg1 Bc5+ 16. Rf2 Qxf2+ 17. Kh1 Ng4 18. a3 Qxh2# 0-1

[Event "4NCL Division Four"]
[Site "Warwick, ENG"]
[Date "2023.04.30"]
[Round "10.47"]
[White "Cranston, Richard"]
[Black "Ross, David C"]
[Result "1-0"]
[WhiteElo "1517"]
[BlackElo "1695"]
[PlyCount "103"]
[EventDate "2023.04.30"]
[WhiteTeam "Celtic Tigers 3"]
[BlackTeam "War and Piece B"]

1. e4 e5 2. Nf3 Nc6 3. c3 d5 4. Bb5 Bg4 5. Qa4 Bxf3 6. Bxc6+ bxc6 7. Qxc6+ Ke7
8. gxf3 Nf6 9. d3 Rb8 10. Qc5+ Ke8 11. Qxa7 Be7 12. Qa4+ Kf8 13. b4 dxe4 14.
dxe4 Nh5 15. Qd1 Qc8 16. h4 h6 17. f4 Nf6 18. f3 c5 19. a3 cxb4 20. cxb4 Qc6
21. Nd2 exf4 22. Bb2 Nh5 23. Rc1 Qg6 24. Kf1 Ng3+ 25. Kg2 Nxe4+ 26. Kf1 Ng3+
27. Kg2 Nxh1+ 28. Kxh1 Rd8 29. Qe2 Bf6 30. Bxf6 Qxf6 31. Ne4 Qxh4+ 32. Qh2
Qxh2+ 33. Kxh2 g5 34. b5 f5 35. Nc5 Rd2+ 36. Kg1 Ke7 37. a4 g4 38. Re1+ Kd6 39.
Nb7+ Kc7 40. Na5 Ra8 41. Rc1+ Kd7 42. Nc4 Rxa4 43. Nb6+ Ke6 44. Nxa4 Rd4 45.
Nc5+ Kd5 46. Na6 Ra4 47. Rc5+ Kd4 48. Rc1 Ra2 49. fxg4 fxg4 50. Rb1 f3 51. b6
f2+ 52. Kg2 1-0

[Event "4NCL Division Four"]
[Site "Warwick, ENG"]
[Date "2023.04.30"]
[Round "10.50"]
[White "Blair, Jimmy"]
[Black "Perchard, Matthew"]
[Result "0-1"]
[WhiteElo "1499"]
[BlackElo "1507"]
[PlyCount "84"]
[EventDate "2023.04.30"]
[WhiteTeam "War and Piece B"]
[BlackTeam "Celtic Tigers 3"]

1. e4 e6 2. e5 d5 3. d4 c5 4. Nf3 Nc6 5. Bb5 Qb6 6. Bxc6+ bxc6 7. O-O Ba6 8.
Re1 cxd4 9. Nxd4 c5 10. Nf3 Ne7 11. Bf4 Qxb2 12. Nbd2 Qb6 13. Rb1 Qc7 14. c4 d4
15. Ne4 Qc6 16. Nd6+ Kd7 17. Qc2 Ng6 18. Bg3 Bxd6 19. exd6 Rhe8 20. h4 f6 21.
h5 Nf8 22. a4 Qc8 23. a5 Bb7 24. Qd3 Bxf3 25. Qxf3 Rb8 26. Qa3 e5 27. Rxb8 Qxb8
28. Qa4+ Kxd6 29. f4 Nd7 30. f5 Qb4 31. Qc2 Rb8 32. Qe2 Qxa5 33. Qe4 Qb6 34.
Qd5+ Ke7 35. h6 Qd6 36. Qxd6+ Kxd6 37. hxg7 Rg8 38. Ra1 Rxg7 39. Bh2 Nb6 40.
Kf2 Nxc4 41. Ra6+ Nb6 42. Kf3 c4 0-1

[Event "4NCL Division Four"]
[Site "Warwick, ENG"]
[Date "2023.04.30"]
[Round "10.53"]
[White "Flavell, Archie"]
[Black "Bradley, Eric"]
[Result "1-0"]
[WhiteElo "1364"]
[BlackElo "1234"]
[PlyCount "63"]
[EventDate "2023.04.30"]
[WhiteTeam "Celtic Tigers 3"]
[BlackTeam "War and Piece B"]

1. e4 d6 2. d4 Nf6 3. Nc3 Nbd7 4. Bd3 e5 5. d5 c6 6. Bg5 Be7 7. f3 h6 8. Bh4 g5
9. Bf2 Nf8 10. Nge2 Ng6 11. g3 Bd7 12. Qd2 Qc7 13. O-O-O a6 14. h4 Nh5 15. hxg5
Bxg5 16. Be3 Bxe3 17. Qxe3 Nf6 18. Rxh6 O-O-O 19. Rdh1 cxd5 20. exd5 Qc5 21.
Qxc5+ dxc5 22. Bxg6 Rxh6 23. Rxh6 fxg6 24. Rxg6 Rf8 25. Ne4 Nxd5 26. Nxc5 Rxf3
27. Nxd7 Kxd7 28. Kd2 Nb4 29. a3 Nd5 30. c3 e4 31. Rg7+ Kc6 32. Nd4+ 1-0

[Event "4NCL Division Four"]
[Site "Warwick, ENG"]
[Date "2023.04.30"]
[Round "10.45"]
[White "Bradley, William"]
[Black "Shah, Meet"]
[Result "1/2-1/2"]
[WhiteElo "1831"]
[BlackElo "1889"]
[PlyCount "53"]
[EventDate "2023.04.30"]
[WhiteTeam "War and Piece B"]
[BlackTeam "Wessex Some Stars B"]

1. e4 e6 2. d4 d5 3. exd5 exd5 4. Nf3 Nc6 5. c3 Bd6 6. Bd3 Nge7 7. O-O Bg4 8.
Bg5 Qd7 9. Nbd2 f6 10. Bh4 O-O 11. Bg3 Rae8 12. Qc2 Bf5 13. Bxf5 Nxf5 14. Bxd6
Nxd6 15. Rfe1 Ne7 16. Nb3 b6 17. Nc1 Ng6 18. Nd3 Ne4 19. Nd2 Qf5 20. f3 Nd6 21.
Rxe8 Rxe8 22. Re1 Rxe1+ 23. Nxe1 Qe6 24. Kf2 Nf4 25. Nf1 Nc4 26. b3 Nd6 27. Qd2
1/2-1/2

[Event "4NCL Division Four"]
[Site "Warwick, ENG"]
[Date "2023.04.30"]
[Round "10.48"]
[White "Deacon, Matthew"]
[Black "O'Byrne, Daniel"]
[Result "1-0"]
[WhiteElo "1800"]
[BlackElo "1682"]
[PlyCount "121"]
[EventDate "2023.04.30"]
[WhiteTeam "Wessex Some Stars B"]
[BlackTeam "War and Piece B"]

1. d4 d5 2. c4 c6 3. Nf3 g6 4. Bf4 Bg7 5. Nc3 Nf6 6. h4 Qa5 7. e3 Bf5 8. Qb3
Qb6 9. cxd5 Nxd5 10. Nxd5 cxd5 11. Qxb6 axb6 12. Bc7 Nc6 13. Bb5 Bd7 14. O-O
Ra5 15. a4 O-O 16. Bxb6 Raa8 17. Bc5 Rfe8 18. b3 h5 19. Rac1 Bg4 20. Ne5 Bxe5
21. dxe5 Bd7 22. f4 Rac8 23. Rfd1 Be6 24. b4 Kf8 25. a5 Bg4 26. Bxc6 bxc6 27.
Rd2 Ra8 28. Bb6 Rec8 29. Rdc2 Bd7 30. Kf2 Ke8 31. Ra1 Bf5 32. Rc3 Bd7 33. Ke2
Rcb8 34. Bc5 Rb5 35. a6 Bc8 36. a7 Kd7 37. Rca3 Bb7 38. Kd2 Ke6 39. Kc3 Bc8 40.
Kd4 Kd7 41. g3 Ke8 42. R1a2 Kd7 43. g4 hxg4 44. h5 gxh5 45. Rh2 Rb7 46. Rxh5
Rb5 47. Rg5 Bb7 48. Rxg4 Ke6 49. Rg5 Re8 50. f5+ Kd7 51. Rg7 Ba8 52. Rxf7 Rb7
53. f6 Ke6 54. Rxe7+ Rbxe7 55. fxe7 Kd7 56. e4 dxe4 57. Kxe4 Rh8 58. Rd3+ Kc7
59. Rd8 Rxd8 60. Bb6+ Kd7 61. exd8=Q+ 1-0

[Event "4NCL Division Four"]
[Site "Warwick, ENG"]
[Date "2023.04.30"]
[Round "10.51"]
[White "Nawalaniec, Leszek"]
[Black "Deacon, Nicholas"]
[Result "0-1"]
[WhiteElo "1498"]
[BlackElo "1488"]
[PlyCount "74"]
[EventDate "2023.04.30"]
[WhiteTeam "War and Piece B"]
[BlackTeam "Wessex Some Stars B"]

1. e4 c5 2. Nf3 Nc6 3. c4 g6 4. d4 cxd4 5. Nxd4 Bg7 6. Be3 Nf6 7. Nc3 d6 8. Be2
O-O 9. O-O Bd7 10. f3 Qb6 11. Bf2 Qxb2 12. Nxc6 bxc6 13. Qd3 Qb7 14. Rab1 Qc7
15. Rb3 Rab8 16. Rfb1 Rxb3 17. Rxb3 Rb8 18. Ra3 a5 19. c5 Be6 20. Na4 dxc5 21.
Bxc5 Nd7 22. Bd4 Ne5 23. Qc3 f6 24. Nc5 Bc8 25. Rxa5 Nf7 26. Nb3 Be6 27. Ra7
Qd8 28. Kf2 Bh6 29. a4 Rxb3 30. Qxc6 Qxd4+ 31. Kg3 Qe5+ 32. Kf2 Be3+ 33. Ke1
Bxa7 34. Qe8+ Kg7 35. Qxe7 Qa1+ 36. Bd1 Re3+ 37. Kd2 Qc3# 0-1

[Event "4NCL Division Four"]
[Site "Warwick, ENG"]
[Date "2023.04.30"]
[Round "10.46"]
[White "Deacon, David J"]
[Black "Kitchen, Peter J"]
[Result "1/2-1/2"]
[WhiteElo "1854"]
[BlackElo "1698"]
[PlyCount "61"]
[EventDate "2023.04.30"]
[WhiteTeam "Wessex Some Stars B"]
[BlackTeam "Celtic Tigers 3"]

1. d4 d5 2. c4 e6 3. g3 Nf6 4. Nf3 Be7 5. Bg2 O-O 6. O-O c6 7. Qc2 Nbd7 8. Nbd2
b6 9. Rd1 Bb7 10. e4 Qc8 11. b3 dxe4 12. Nxe4 c5 13. Nxf6+ Nxf6 14. Bb2 Rd8 15.
Qe2 Qc7 16. Rac1 cxd4 17. Nxd4 Bxg2 18. Kxg2 Qb7+ 19. f3 Rd7 20. Rd3 Rad8 21.
Rcd1 h5 22. Nc2 a5 23. R1d2 Rxd3 24. Rxd3 Rxd3 25. Qxd3 Qd7 26. Ne1 Qxd3 27.
Nxd3 Nd7 28. Kf2 Nc5 29. Ke3 Nxd3 30. Kxd3 Bc5 31. Bd4 1/2-1/2

[Event "4NCL Division Four"]
[Site "Warwick, ENG"]
[Date "2023.04.30"]
[Round "10.49"]
[White "Rigby, Charles"]
[Black "Cuthbert, Larissa"]
[Result "1/2-1/2"]
[WhiteElo "1489"]
[BlackElo "1536"]
[PlyCount "45"]
[EventDate "2023.04.30"]
[WhiteTeam "Celtic Tigers 3"]
[BlackTeam "Wessex Some Stars B"]

1. d4 Nf6 2. Bf4 g6 3. Nc3 Bg7 4. e4 d6 5. Qd2 O-O 6. O-O-O Nbd7 7. Bc4 c6 8.
e5 dxe5 9. dxe5 Nh5 10. e6 fxe6 11. Bxe6+ Kh8 12. Bh6 Nhf6 13. g4 Qb6 14. Bxg7+
Kxg7 15. g5 Nh5 16. Nh3 Ne5 17. Qe2 Qc7 18. Bxc8 Raxc8 19. Rhe1 Nf7 20. Qxe7
Qxh2 21. Qd7 Rcd8 22. Qg4 Qc7 23. Rxd8 1/2-1/2

[Event "4NCL Division Four"]
[Site "Warwick, ENG"]
[Date "2023.05.01"]
[Round "11.11"]
[White "Wilson, Jaimie"]
[Black "Garcia Hernandez, Oscar"]
[Result "0-1"]
[WhiteElo "2105"]
[BlackElo "2072"]
[PlyCount "112"]
[EventDate "2023.05.01"]
[WhiteTeam "Wessex Some Stars A"]
[BlackTeam "Poole Patzers"]

1. c4 c5 2. Nf3 Nf6 3. Nc3 d5 4. cxd5 Nxd5 5. d3 Nc6 6. g3 e5 7. Nxd5 Qxd5 8.
Bg2 Be7 9. O-O Qd8 10. Bd2 Be6 11. a3 O-O 12. b4 cxb4 13. axb4 Nxb4 14. Nxe5
Bd5 15. Qa4 Bxg2 16. Kxg2 a5 17. Qb5 b6 18. Rac1 Qd5+ 19. Qxd5 Nxd5 20. e4 Nf6
21. Rb1 Bc5 22. Be3 Bxe3 23. fxe3 Rfb8 24. Rb5 a4 25. Rfb1 Rc8 26. Rxb6 a3 27.
Nc6 Kf8 28. Nd4 a2 29. Ra1 Ra3 30. Kf3 Nd7 31. Rb2 Ne5+ 32. Ke2 Nxd3 33. Rc2
Rb8 34. Kd2 Nb2 35. Kc1 Nd3+ 36. Kd2 {(=)} Nf2 37. Rcxa2 Nxe4+ 38. Ke1 Rxe3+
39. Re2 Rxe2+ 40. Kxe2 Rb2+ 41. Ke3 Nd6 42. Ne2 Nf5+ 43. Kf3 g6 44. Ra7 Kg7 45.
h3 Rb3+ 46. Kf2 Nd6 47. Ra4 h5 48. Rd4 Nf5 49. Rd2 h4 50. g4 Ng3 51. Kg2 Ne4
52. Ra2 Ng5 53. Ng1 Kh6 54. Rc2 Ne6 55. Rf2 Ng5 56. Rf4 Rg3+ 0-1

[Event "4NCL Division Four"]
[Site "Warwick, ENG"]
[Date "2023.05.01"]
[Round "11.12"]
[White "Stanciu, Ciprian"]
[Black "Pleasants, Allan J"]
[Result "0-1"]
[WhiteElo "1998"]
[BlackElo "1975"]
[PlyCount "56"]
[EventDate "2023.05.01"]
[WhiteTeam "Poole Patzers"]
[BlackTeam "Wessex Some Stars A"]

1. d4 d6 2. Bf4 g6 3. Nf3 Bg7 4. c3 Nf6 5. Nbd2 O-O 6. h3 Nc6 7. e4 e5 8. dxe5
dxe5 9. Be3 Qe7 10. Bb5 Bd7 11. Ba4 Rad8 12. Qc2 a6 13. b4 b6 14. Bb3 h6 15. a4
Rfe8 16. a5 Nd4 17. cxd4 exd4 18. Bxd4 Bb5 19. Ne5 Nd5 20. Nxf7 Bxd4 21. Nxd8
Rxd8 22. O-O-O Qxb4 23. Nb1 Kh8 24. exd5 bxa5 25. Qxg6 Bg7 26. Qc2 a4 27. Ba2
a3 28. Nd2 Bd3 0-1

[Event "4NCL Division Four"]
[Site "Warwick, ENG"]
[Date "2023.05.01"]
[Round "11.13"]
[White "De Coverly, Roger D"]
[Black "Weatherlake, John P"]
[Result "0-1"]
[WhiteElo "1945"]
[BlackElo "2032"]
[PlyCount "102"]
[EventDate "2023.05.01"]
[WhiteTeam "Wessex Some Stars A"]
[BlackTeam "Poole Patzers"]

1. Nf3 Nf6 2. g3 g6 3. Bg2 Bg7 4. O-O O-O 5. d4 d5 6. c4 c6 7. b3 Ne4 8. Bb2
Qa5 9. Nfd2 f5 10. f3 Nd6 11. e3 Na6 12. Qe2 Be6 13. c5 Nxc5 14. Bc3 Qb5 15.
Qxb5 Nxb5 16. a4 Nxc3 17. Nxc3 Na6 18. Rac1 Nb4 19. f4 Rac8 20. Ne2 Bd7 21.
Rfd1 b6 22. Nb1 e6 23. a5 Rfd8 24. axb6 axb6 25. Nbc3 c5 26. Na4 Bxa4 27. bxa4
Rd6 28. Bf1 Rdc6 29. Kg2 cxd4 30. Rxc6 Rxc6 31. Nxd4 Bxd4 32. exd4 Nc2 33. Kf2
Na3 34. Bd3 Rc3 35. Ke2 Kf7 36. Rd2 Rb3 37. Ra2 Ke7 38. Bc2 Nxc2 39. Rxc2 Kd7
40. Ra2 Kc6 41. Kd2 Kb7 42. Ke2 Rc3 43. Kd2 Rc4 44. Kd3 Kc6 45. Re2 Rxa4 46.
Rxe6+ Kb5 47. Kc3 Ra3+ 48. Kb2 Rf3 49. Kc2 Kc4 50. Rxb6 Rf2+ 51. Kd1 Rxh2 0-1

[Event "4NCL Division Four"]
[Site "Warwick, ENG"]
[Date "2023.05.01"]
[Round "11.14"]
[White "O'Neill, Martin"]
[Black "Gregory, Keith D F"]
[Result "0-1"]
[WhiteElo "1832"]
[BlackElo "1950"]
[PlyCount "128"]
[EventDate "2023.05.01"]
[WhiteTeam "Poole Patzers"]
[BlackTeam "Wessex Some Stars A"]

1. c4 d6 2. Nc3 e5 3. g3 Nf6 4. Bg2 Be7 5. Nf3 O-O 6. d4 Nbd7 7. O-O c6 8. e4
Qc7 9. h3 a6 10. Nh4 Re8 11. Nf5 Bf8 12. Be3 b6 13. Qd2 Bb7 14. Rfe1 exd4 15.
Bxd4 c5 16. Bxf6 Nxf6 17. Rad1 Rad8 18. e5 dxe5 19. Nd5 Nxd5 20. cxd5 Qd7 21.
Ne3 b5 22. b3 g6 23. h4 f5 24. Bh3 Bd6 25. h5 Rf8 26. hxg6 hxg6 27. Ng2 Qh7 28.
Kh2 Qf7 29. Rh1 Kg7 30. Ne3 Rh8 31. Kg1 Bc8 32. Bg2 e4 33. Rxh8 Rxh8 34. Nf1
Rd8 35. a4 Qc7 36. axb5 axb5 37. Qe2 Bd7 38. Ne3 Rc8 39. Rc1 Ra8 40. Qc2 Qa5
41. Qb2+ Kf7 42. Bf1 Qa3 43. Qc3 Qb4 44. Qc2 Qd4 45. Rd1 Qe5 46. Ng2 g5 47. Qe2
Kg6 48. Ne3 Re8 49. Bh3 Rh8 50. Bg2 Kf7 51. Rb1 f4 52. Ng4 Qf5 53. Qb2 Rh5 54.
f3 c4 55. Nf2 fxg3 56. Nxe4 Be5 57. Qd2 c3 58. Qd3 Rh2 59. Qe2 Qf4 60. Re1 c2
61. Qxc2 Bh3 62. Nxg5+ Qxg5 63. Qh7+ Kf8 64. Bxh3 Bd4+ 0-1

[Event "4NCL Division Four"]
[Site "Warwick, ENG"]
[Date "2023.05.01"]
[Round "11.15"]
[White "Marsh, Roger D W"]
[Black "Smith, Richard"]
[Result "1/2-1/2"]
[WhiteElo "1933"]
[BlackElo "1921"]
[PlyCount "69"]
[EventDate "2023.05.01"]
[WhiteTeam "Wessex Some Stars A"]
[BlackTeam "Poole Patzers"]

1. d4 Nf6 2. c4 c5 3. d5 e6 4. Nc3 exd5 5. cxd5 d6 6. e4 g6 7. f4 Bg7 8. Bb5+
Nfd7 9. a4 O-O 10. Nf3 Na6 11. O-O Nc7 12. Bd3 a6 13. f5 Ne5 14. Nxe5 Bxe5 15.
Qf3 Ne8 16. Bh6 Qh4 17. Bf4 Qxf4 18. Qxf4 Bxf4 19. Rxf4 Nf6 20. fxg6 fxg6 21.
e5 dxe5 22. Rc4 Bf5 23. Bxf5 gxf5 24. Rxc5 Rad8 25. Rf1 b6 26. Rc6 Nxd5 27.
Nxd5 Rxd5 28. Rxb6 Rd2 29. Rc1 e4 30. Rc7 e3 31. Kf1 Rf2+ 32. Kg1 Rd8 33. h3
Rd1+ 34. Kh2 Rfd2 35. Rb8+ 1/2-1/2

[Event "4NCL Division Four"]
[Site "Warwick, ENG"]
[Date "2023.05.01"]
[Round "11.16"]
[White "Clancy, Martin J"]
[Black "Spanton, Tim R"]
[Result "0-1"]
[WhiteElo "1812"]
[BlackElo "1952"]
[PlyCount "20"]
[EventDate "2023.05.01"]
[WhiteTeam "Poole Patzers"]
[BlackTeam "Wessex Some Stars A"]

1. e4 c5 2. Nf3 g6 3. d4 cxd4 4. Nxd4 Nc6 5. c4 Bg7 6. Be3 Nf6 7. Nc3 d6 8. Be2
O-O 9. f3 Qb6 10. Qd2 Ne5 {Scoresheet illegible.} 0-1

[Event "4NCL Division Four"]
[Site "Warwick, ENG"]
[Date "2023.05.01"]
[Round "11.21"]
[White "Geue, Niklas"]
[Black "Nguyen, Anh"]
[Result "1-0"]
[WhiteElo "2142"]
[BlackElo "1901"]
[PlyCount "127"]
[EventDate "2023.05.01"]
[WhiteTeam "Average Wood Pushers A"]
[BlackTeam "Sussex Martlets 3"]

1. d4 Nf6 2. c4 e6 3. g3 d5 4. Nf3 dxc4 5. Bg2 Be7 6. O-O O-O 7. Qc2 Nbd7 8.
Qxc4 c5 9. Rd1 Nb6 10. Qc2 Bd7 11. dxc5 Qc7 12. Bf4 Qxc5 13. Qxc5 Bxc5 14. Ne5
Ba4 15. Rc1 Bd4 16. Nc3 Bxc3 17. bxc3 Nfd5 18. c4 Nxf4 19. gxf4 Rab8 20. Rab1
Rfd8 21. Rb2 f6 22. Nd3 Rdc8 23. c5 Nd5 24. f5 Bc6 25. fxe6 Re8 26. Bh3 g6 27.
Rd2 f5 28. Bg2 Rxe6 29. Bxd5 Bxd5 30. Nf4 Re5 31. Rxd5 Rxd5 32. Nxd5 Kf7 33. c6
bxc6 34. Rxc6 Rb5 35. Nc3 Ra5 36. Rc7+ Kg8 37. Kg2 g5 38. e3 h6 39. a4 Ra6 40.
Kf3 Kf8 41. Rc5 Rf6 42. Ra5 a6 43. Nd5 Rd6 44. Nb4 Rd2 45. Rxf5+ Ke7 46. Ra5
Kf7 47. Rxa6 h5 48. a5 g4+ 49. Kg2 h4 50. Rb6 Rd1 51. h3 g3 52. fxg3 Rd2+ 53.
Kf3 hxg3 54. Kxg3 Rd1 55. a6 Rg1+ 56. Kf4 Ra1 57. Rb7+ Ke6 58. a7 Ra4 59. e4
Ra1 60. Rb6+ Kf7 61. Ra6 Rf1+ 62. Ke5 Kg7 63. a8=Q Rf7 64. Ra7 1-0

[Event "4NCL Division Four"]
[Site "Warwick, ENG"]
[Date "2023.05.01"]
[Round "11.22"]
[White "Airlie, Arran"]
[Black "Rawlinson, Aidan M"]
[Result "1-0"]
[WhiteElo "1792"]
[BlackElo "2180"]
[PlyCount "87"]
[EventDate "2023.05.01"]
[WhiteTeam "Sussex Martlets 3"]
[BlackTeam "Average Wood Pushers A"]

1. e4 g6 2. d4 Bg7 3. Nc3 d6 4. Be3 a6 5. Qd2 b5 6. h4 h5 7. Nh3 Bxh3 8. Rxh3
Nd7 9. O-O-O Ngf6 10. f3 Rc8 11. Qf2 Nb6 12. e5 Nfd5 13. e6 f5 14. Qg3 O-O {(=)
} 15. Nxd5 Nxd5 16. Qxg6 Rf6 17. Qg5 Qe8 18. Rg3 Qf8 19. Bd2 Rxe6 20. Bd3 Rf6
21. Qxh5 Qf7 22. Qxf7+ Kxf7 23. c4 bxc4 24. Bxc4 e6 25. Bxa6 Rh8 26. Kb1 f4 27.
Rg4 Rg6 28. Rxg6 Kxg6 29. Bd3+ Kf7 30. Be4 Rxh4 31. Bxd5 exd5 32. Bc3 Rh2 33.
Rd2 Ke6 34. Kc2 c5 35. Re2+ Kd7 36. dxc5 Bxc3 37. c6+ Kxc6 38. Kxc3 Rh1 39. Rc2
Rd1 40. Rd2 Rc1+ 41. Kd3 Rc4 42. Rc2 Kb5 43. Rxc4 dxc4+ 44. Kd4 1-0

[Event "4NCL Division Four"]
[Site "Warwick, ENG"]
[Date "2023.05.01"]
[Round "11.23"]
[White "Zhu, Yaoyao"]
[Black "Blades, Kit"]
[Result "1/2-1/2"]
[WhiteElo "2075"]
[BlackElo "1762"]
[PlyCount "40"]
[EventDate "2023.05.01"]
[WhiteTeam "Average Wood Pushers A"]
[BlackTeam "Sussex Martlets 3"]

1. e4 c5 2. Nf3 e6 3. c3 d5 4. exd5 Qxd5 5. d4 Nf6 6. Na3 a6 7. Nc4 Nbd7 8. a4
cxd4 9. Qxd4 Bc5 10. Qxd5 exd5 11. Ne3 Nb8 12. Bd3 Nc6 13. O-O d4 14. cxd4 Nxd4
15. Nxd4 Bxd4 16. Bf5 Bxf5 17. Nxf5 O-O 18. Ra3 Rad8 19. Rb3 Rd5 20. Bd2 Rd7
1/2-1/2

[Event "4NCL Division Four"]
[Site "Warwick, ENG"]
[Date "2023.05.01"]
[Round "11.24"]
[White "Finn, Elizabeth"]
[Black "Garcia-Ruiz Fuentes, Aitor"]
[Result "1/2-1/2"]
[WhiteElo "1726"]
[BlackElo "2078"]
[PlyCount "78"]
[EventDate "2023.05.01"]
[WhiteTeam "Sussex Martlets 3"]
[BlackTeam "Average Wood Pushers A"]

1. d4 f5 2. Nf3 g6 3. e3 Nf6 4. Bd3 Bg7 5. b3 O-O 6. Bb2 b6 7. c4 Bb7 8. Nc3 e6
9. O-O d6 10. Re1 Ne4 11. Nd2 Nxc3 12. Bxc3 e5 13. d5 Nd7 14. e4 f4 15. f3 g5
16. h3 h5 17. Be2 Rf6 18. Nf1 Rg6 19. g4 fxg3 20. Nxg3 Nf6 21. Kh2 Kf7 22. Rg1
Qh8 23. Nf5 Rg8 24. Bd2 Bf8 25. Qc2 Bc8 26. Rg2 g4 27. Rag1 Be7 28. Qd1 gxf3
29. Bxf3 Ng4+ 30. Kh1 Nf2+ 31. Rxf2 Rxg1+ 32. Qxg1 Rxg1+ 33. Kxg1 Bxf5 34.
Bxh5+ Qxh5 35. Rxf5+ Qxf5 36. exf5 Kf6 37. Kf2 Kxf5 38. Kf3 Bh4 39. Be3 a6
1/2-1/2

[Event "4NCL Division Four"]
[Site "Warwick, ENG"]
[Date "2023.05.01"]
[Round "11.25"]
[White "Kay, Lee P"]
[Black "Woods, Timothy J"]
[Result "1-0"]
[WhiteElo "2052"]
[BlackElo "1689"]
[PlyCount "73"]
[EventDate "2023.05.01"]
[WhiteTeam "Average Wood Pushers A"]
[BlackTeam "Sussex Martlets 3"]

1. d4 d6 2. c4 Nf6 3. Nc3 g6 4. e4 Bg7 5. f4 O-O 6. Nf3 c5 7. dxc5 Qa5 8. Bd3
Qxc5 9. Qe2 Nc6 10. Be3 Qa5 11. O-O Bg4 12. a3 a6 13. Qf2 Nd7 14. b4 Qd8 15.
Rac1 e6 16. h3 Bxf3 17. Qxf3 Rc8 18. Rfd1 Qe7 19. g4 g5 20. e5 gxf4 21. exd6
Qh4 22. Bf2 Nde5 23. Qg2 Qh6 24. Be2 f3 25. Bxf3 Nxc4 26. g5 Qg6 27. d7 Rcd8
28. Bc5 N6e5 29. Bxb7 Rxd7 30. Rxd7 Nxd7 31. Bxf8 Bd4+ 32. Kh1 Ne3 33. Qe4 Qh5
34. Qf3 Qxf3+ 35. Bxf3 Nxf8 36. Bb7 Nc4 37. Ne2 1-0

[Event "4NCL Division Four"]
[Site "Warwick, ENG"]
[Date "2023.05.01"]
[Round "11.26"]
[White "Wannasin Bell, Charlie"]
[Black "Scoular, Adam"]
[Result "0-1"]
[WhiteElo "1546"]
[BlackElo "1966"]
[PlyCount "62"]
[EventDate "2023.05.01"]
[WhiteTeam "Sussex Martlets 3"]
[BlackTeam "Average Wood Pushers A"]

1. e4 c6 2. d4 d5 3. e5 c5 4. Bb5+ Bd7 5. Bxd7+ Qxd7 6. Nf3 cxd4 7. Nxd4 e6 8.
O-O Nc6 9. Nc3 Nge7 10. Ncb5 Ng6 11. Qe2 a6 12. Nxc6 bxc6 13. Nd4 c5 14. Nb3
Be7 15. c3 O-O 16. Be3 Qc7 17. f4 f5 18. g4 fxg4 19. Qxg4 Rf5 20. Rad1 Raf8 21.
Nc1 d4 22. cxd4 cxd4 23. Bxd4 Nxf4 24. Rxf4 Rg5 25. Rxf8+ Kxf8 26. Rf1+ Ke8 27.
Qxg5 Bxg5 28. Nb3 Qc4 29. Kg2 a5 30. Nc5 Qxd4 31. Rf8+ Ke7 0-1

[Event "4NCL Division Four"]
[Site "Warwick, ENG"]
[Date "2023.05.01"]
[Round "11.31"]
[White "Foley, John P"]
[Black "Duncan, Patrick C M"]
[Result "0-1"]
[WhiteElo "2042"]
[BlackElo "2068"]
[PlyCount "145"]
[EventDate "2023.05.01"]
[WhiteTeam "CSC/Kingston 2"]
[BlackTeam "MASCeteers"]

1. d4 Nf6 2. Nf3 e6 3. e3 c5 4. Bd3 cxd4 5. exd4 Be7 6. O-O O-O 7. Re1 b6 8.
Bg5 Bb7 9. Nbd2 d6 10. c4 Nbd7 11. Qe2 Rc8 12. Rac1 Nh5 13. Bxe7 Qxe7 14. Qe3
Rfe8 15. b4 a6 16. a4 g6 17. Nb3 Qf6 18. Nfd2 Qf4 19. a5 Rb8 20. axb6 Nxb6 21.
Bf1 Qxe3 22. fxe3 Rec8 23. Ra1 Rc7 24. e4 e5 25. d5 Nd7 26. g3 Bc8 27. b5 axb5
28. cxb5 Nb6 29. Na5 Ra8 30. Nc6 Rxa1 31. Rxa1 Nf6 32. h3 Kf8 33. Kf2 Nfd7 34.
g4 h6 35. Ke3 Nc5 36. Be2 f5 37. Bf3 fxe4 38. Bxe4 Kg7 39. Bg2 Ncd7 40. Nb1 Kf6
41. Nc3 Nc5 42. Ne4+ Nxe4 43. Bxe4 Bd7 44. Kd3 Be8 45. h4 Bf7 46. Ra6 Nxd5 47.
Bxd5 Bxd5 48. Kc3 Bxc6 49. bxc6 d5 50. Kb4 Ke6 51. Kc5 d4 52. Ra8 d3 53. Rd8 e4
54. Kb6 Rf7 55. c7 Rxc7 56. Kxc7 Ke5 57. Kc6 Kf4 58. Kc5 e3 59. Rxd3 e2 60.
Rd4+ Kf3 61. Rd3+ Kf2 62. Rd2 Kf1 63. Rxe2 Kxe2 64. Kd4 Kf3 65. g5 hxg5 66.
hxg5 Kf4 67. Kd3 Kxg5 68. Ke3 Kg4 69. Kf2 Kh3 70. Kg1 Kg3 71. Kh1 g5 72. Kg1 g4
73. Kh1 0-1

[Event "4NCL Division Four"]
[Site "Warwick, ENG"]
[Date "2023.05.01"]
[Round "11.32"]
[White "Clarke, Neil"]
[Black "Amato, Giampiero"]
[Result "1/2-1/2"]
[WhiteElo "1973"]
[BlackElo "1958"]
[PlyCount "75"]
[EventDate "2023.05.01"]
[WhiteTeam "MASCeteers"]
[BlackTeam "CSC/Kingston 2"]

1. d4 Nf6 2. Nf3 g6 3. Nc3 c5 4. d5 d6 5. e4 Bg7 6. h3 O-O 7. Be3 Na6 8. Be2
Nc7 9. a4 b6 10. Nd2 e6 11. dxe6 Bxe6 12. O-O d5 13. Bg5 Qc8 14. Bf3 d4 15.
Bxf6 Bxf6 16. Nd5 Nxd5 17. exd5 Bd7 18. Ne4 Bg7 19. Nd6 Qd8 20. Nc4 {(=)} Qg5
21. Nd2 Rad8 22. Ne4 Qf4 23. Qc1 Qxc1 24. Rfxc1 Bc8 25. c4 dxc3 26. Nxc3 Bb7
27. Rd1 a6 28. Rd2 {(=)} Rd7 29. Rad1 Rfd8 30. g3 Bd4 31. Rd3 Kg7 32. h4 h5 33.
R1d2 Re8 34. Ne2 Bxd5 35. Nxd4 cxd4 36. Bxd5 Rxd5 37. Rxd4 Rxd4 38. Rxd4 {(=)}
1/2-1/2